|
|
|
|
| LEADER |
01299nam a2200361 i 4500 |
| 001 |
001750420 |
| 003 |
CZ BrMZK |
| 005 |
20200710115103.0 |
| 007 |
ta |
| 008 |
200525s1997 xr a g 000 j cze |
| 015 |
|
|
|a cnb000326670
|
| 020 |
|
|
|a 80-86030-26-1
|q (brožováno) :
|c Kč 170,00
|
| 035 |
|
|
|a (OCoLC)84959539
|
| 040 |
|
|
|a LIA001
|b cze
|d ABA001
|d BOA001
|e rda
|
| 041 |
1 |
|
|a cze
|h eng
|
| 072 |
|
7 |
|a 821.111(73)-3
|x Americká próza
|2 Konspekt
|9 25
|
| 080 |
|
|
|a 821.111(73)-32
|2 MRF
|
| 080 |
|
|
|a (0:82-321.9)
|2 MRF
|
| 100 |
1 |
|
|a Simmons, Dan,
|d 1948-2026
|7 ola2002112695
|4 aut
|
| 240 |
1 |
0 |
|a Prayers to broken stones.
|l Česky
|
| 245 |
1 |
0 |
|a Modlitby ke zlomeným kamenům /
|c Dan Simmons ; z anglického originálu Prayers to broken stones přeložil Ivo Reitmayer
|
| 250 |
|
|
|a 1. vydání
|
| 264 |
|
1 |
|a Plzeň :
|b Perseus,
|c 1997
|
| 300 |
|
|
|a 407 stran ;
|c 17 cm
|
| 336 |
|
|
|a text
|b txt
|2 rdacontent
|
| 337 |
|
|
|a bez média
|b n
|2 rdamedia
|
| 338 |
|
|
|a svazek
|b nc
|2 rdacarrier
|
| 655 |
|
7 |
|a americké povídky
|7 fd131793
|2 czenas
|
| 655 |
|
7 |
|a vědecko-fantastické povídky
|7 fd133845
|2 czenas
|
| 700 |
1 |
|
|a Reitmayer, Ivo
|7 ola2005284392
|4 trl
|
| 910 |
|
|
|a BOA001
|b 1-1442.966
|
| 990 |
|
|
|a BK
|
| 996 |
6 |
|
|b 2610823814
|c 1-1442.966
|l MZK
|r Sklad / do 1 hodiny
|n 0
|p dar
|w 001802768
|u 000010
|a 1
|e BOA001
|j MZK50
|s P
|